000 00523nmm a2200181Ia 4500
008 251105s9999||||xx |||||||||||||||||und||
020 _a9789580611721
041 _aspa
100 _aVentura, Bella Clara
245 0 _aLa voz de la violencia
264 _a[Bogotá, Colombia] :
_bOveja Negra,
_c2011
300 _a204 páginas
650 _aGender and Women Studies
700 _aVentura, Bella Clara
700 1 _a Garrido Chalén, Carlos
856 _uhttps://public.digitaliapublishing.com/a/19879
942 _cCF
999 _c72331
_d72331